|
|
|
|
| LEADER |
01693nam a22003618i 4500 |
| 001 |
32078 |
| 003 |
BD-DhAAL |
| 005 |
20211116150657.0 |
| 008 |
17102 s2016 b 001 0 eng |
| 999 |
|
|
|c 38327
|d 38327
|
| 010 |
|
|
|a 2015041658
|
| 020 |
|
|
|a 9780415498258 (hb : alk. paper)
|
| 020 |
|
|
|a 9780415498265 (pb : alk. paper)
|
| 020 |
|
|
|a 9781315730370 (ebk)
|
| 040 |
|
|
|a DLC
|b eng
|c DLC
|e rda
|d BD-DhAAL
|
| 050 |
0 |
0 |
|a NA2500
|b .A438 2016
|
| 082 |
0 |
0 |
|a 720.47
|2 23
|
| 100 |
1 |
|
|a Aldallal, Enis,
|e author.
|9 22265
|
| 245 |
1 |
0 |
|a Site and composition :
|b design strategies in architecture and urbanism.
|
| 260 |
|
|
|a London;
|a New York :
|b Routledge,
|c 2016
|
| 263 |
|
|
|a 1111
|
| 300 |
|
|
|a xii pages :
|b illustrations, figures, photos;
|c 25 cm.
|
| 504 |
|
|
|a Includes bibliographical references and index.
|
| 505 |
0 |
|
|a Introduction: site and composition -- Truth and the primordial fragment -- Site readings -- The planimetric composition of site -- Enmeshed horizons: interior and exterior spaces -- Materiality and the culture of place.
|
| 526 |
|
|
|a ARC
|
| 541 |
|
|
|e 32078
|
| 650 |
|
0 |
|a Architecture
|x Aesthetics.
|9 22266
|
| 650 |
|
0 |
|a Architecture
|x Environmental aspects.
|9 22267
|
| 650 |
|
0 |
|a Architecture
|9 42738
|
| 700 |
1 |
|
|a Al Waer, Husam,
|e author.
|9 22268
|
| 700 |
1 |
|
|a Bandyopadhyay, Soumyen,
|e author.
|9 22269
|
| 942 |
|
|
|2 ddc
|c BK
|
| 952 |
|
|
|0 0
|1 3
|2 ddc
|4 0
|6 720_470000000000000_SIT
|7 0
|9 61315
|a BRACUL
|b BRACUL
|c GEN
|d 2017-10-24
|e Trim Education
|g 2657.00
|l 4
|m 63
|o 720.47 SIT
|p 3010032078
|r 2019-10-03
|s 2019-10-03
|t 1
|v 2657.00
|w 2017-09-18
|y BK
|x Paid a replacement cost two times of current market price Tk. 5314/- for the book/s (Barcode: 3010032078; Money Receipt No. 47589; Date: 03/08/2022)
|